| 000 | 00409nam a2200181Ia 4500 | ||
|---|---|---|---|
| 001 | 24863 | ||
| 005 | 20260414151112.0 | ||
| 008 | 260414t2010||||xx |||||||||||||| ||spa|| | ||
| 041 | _aESP | ||
| 082 |
_a346 _bO617 V. 5 |
||
| 110 | _aObservatorio de Derecho Civil | ||
| 245 | 0 |
_aDerechos reales _b |
|
| 260 | _c2010 | ||
| 300 |
_a _c24 cm. |
||
| 650 | _aDER | ||
| 654 | _aCDE | ||
| 942 |
_cLIB _dJUS _fJUS _2ddc _n |
||
| 999 |
_c24863 _d24863 |
||